00956nam a22001577a 4500003000900000005001700009008004100026040001300067100001800080245004000098250000600138260005500144300001700199490002400216520055800240IT-RoPau20220918175940.0130207b xxu||||| |||| 00| 0 eng d cIT-RoPau aChiesa, Fabio aFrancesco ChiesabUn uomo, un prete aI aAlbabPostulazione Generale e Casa Madre SSPc2006 a63 p.c21 cm aFamiglia PaolinavI aSommario Il giovane Francesco Montà€, terra di vocazioni Legami forti Il "Seminatore di preti" L'amore per il sapere Tra libri e ristrettezze Kant Lauree e viaggi L'insegnamento in seminario Maestro e amico L'uomo nuovo I suoi allievi Un incontro particolare Scrittore e comunicatore Ventimila pagine Giornalista Predicatore Pastore Parroco per amore Instancabile innovatore La fede Un solo pensiero: Dio Asceta tra la gente Preghiera per la beatificazione Scheda Biografica